مع كتاب نوبل : (رقم التسجيلة. 114539)

تفاصيل مارك
000 -LEADER
fixed length control field 00528nam a22001817a 4500
005 - DATE AND TIME OF LATEST TRANSACTION
control field 20251108174642.0
008 - FIXED-LENGTH DATA ELEMENTS--GENERAL INFORMATION
fixed length control field 250721s2007 xx 000 0 ara d
020 ## - INTERNATIONAL STANDARD BOOK NUMBER
International Standard Book Number 977427086x
082 14 - DEWEY DECIMAL CLASSIFICATION NUMBER
Classification number 928/عيد
100 1# - MAIN ENTRY--PERSONAL NAME
Personal name عيد، حسين
Relator term مؤلف
245 10 - TITLE STATEMENT
Title مع كتاب نوبل :
Remainder of title حوارات نادرة /
264 1# - PRODUCTION, PUBLICATION, DISTRIBUTION, MANUFACTURE, AND COPYRIGHT NOTICE
Place of production, publication, distribution, manufacture القاهرة :
Name of producer, publisher, distributor, manufacturer الدار المصرية اللبنانية،
Date of production, publication, distribution, manufacture, or copyright notice 2007.
300 ## - PHYSICAL DESCRIPTION
Extent 407 ص.
650 17 - SUBJECT ADDED ENTRY--TOPICAL TERM
Topical term or geographic name as entry element التراجم
650 17 - SUBJECT ADDED ENTRY--TOPICAL TERM
Topical term or geographic name as entry element الادباا
942 ## - ADDED ENTRY ELEMENTS (KOHA)
Source of classification or shelving scheme Dewey Decimal Classification
Koha item type كتب
المقتنيات
حالة السحب حالة الفقدان مصدر التصنيف حالة التلف غير قابل للإعارة المكتبة الرئيسية المكتبة الحالية موقع الرف تاريخ التزويد الرقم المتسلسل Total Checkouts رقم الإستدعاء الباركود تاريخ آخر ظهور تاريخ الفاتورة نوع المادة (كوها)
    Dewey Decimal Classification     المكتبة المركزية المكتبة المركزية الإعارة 14/11/2016 1629834   928/عيد PLD00398934 28/07/2025 14/11/2016 كتب
    Dewey Decimal Classification     مكتبة مرج الحمام مكتبة مرج الحمام الإعارة 27/10/2008 1240184   928/عيد PLD00047273 28/07/2025 27/10/2008 كتب
    Dewey Decimal Classification     مكتبة وادي السير العامة مكتبة وادي السير العامة الإعارة 27/10/2008 1240186   928/عيد PLD00047275 28/07/2025 27/10/2008 كتب
Implemented & Customized by: BBB with SCIT (Smart Chains for Information Technology)

Powered by Koha